Top 10 most streamed songs on Spotify - Statistics

General Stats
  • This quiz has been taken 11 times
  • The average score is 5 of 10
Answer Stats
Hint Answer % Correct
2 Blinding lights
89%
1 Shape of you
89%
1o Bad guy
56%
4 Rockstar
56%
8 Sunflower/Sunflower – Spider-Man: Into the Spider-Verse
44%
6 One Dance
33%
7 Closer
22%
3 Dance Monkey
22%
9 Señorita/senorita
22%
5 Someone you loved
22%
No matching quizzes found
Score Distribution
Percent of People with Each Score
Percentile by Number Answered
Your Score History
You have not taken this quiz